[Event "Kingston Invitational Masters"]
[Site "Kingston University"]
[Date "2023.07.26"]
[Round "5.2"]
[White "Maycock Bates, David Henry"]
[Black "Buckley, Graeme N"]
[Result "0-1"]
[WhiteElo "2243"]
[BlackElo "2345"]
[PlyCount "158"]
[EventDate "2023.07.24"]
[EventType "tourn"]
[EventRounds "9"]
[EventCountry "ENG"]
[SourceTitle "BritBase"]
[Source "John Saunders"]
[SourceDate "2023.07.31"]
[SourceVersion "1"]
[SourceVersionDate "2023.07.31"]
[SourceQuality "1"]

1. e4 c5 2. Nf3 Nc6 3. d4 cxd4 4. Nxd4 Nf6 5. Nc3 e6 6. Ndb5 Bb4 7. a3 Bxc3+ 8.
Nxc3 d5 9. Bd3 d4 10. Ne2 e5 11. O-O Bg4 12. h3 Bh5 13. g4 Bg6 14. Ng3 Nd7 15.
g5 h6 16. Qg4 hxg5 17. Bxg5 Nf6 18. Qf3 Qd7 19. Bxf6 Qxh3 20. Rfc1 gxf6 21.
Qxf6 a6 22. c3 Rh6 23. Qf3 dxc3 24. Rxc3 Ke7 25. Rac1 Bh7 26. Bc4 Bg6 27. Qg2
Qg4 28. Be2 Qf4 29. Qf3 Nd4 30. Qe3 Rah8 31. Bf3 Qxe3 32. Rxe3 Nxf3+ 33. Rxf3
Bxe4 34. Rxf7+ Kxf7 35. Rc7+ Ke8 36. Nxe4 b6 37. b4 Rg8+ 38. Kf1 Rgg6 39. Ra7
b5 40. Nc5 Kd8 41. Ke2 Kc8 42. Ra8+ Kc7 43. Ra7+ Kb8 44. Re7 Rg5 45. Ke3 Kc8
46. f3 Rg1 47. Re8+ Kc7 48. Re7+ Kd6 49. Rd7+ Kc6 50. Ra7 Kd5 51. Nxa6 Ra1 52.
Nc5 Kc4 53. Nd3 Rh5 54. Rb7 Rxa3 55. Rc7+ Kd5 56. Rc5+ Kd6 57. Rc8 Rh4 58. Rd8+
Kc6 59. Kf2 Kc7 60. Rd5 e4 61. Kg3 Rxd3 62. Rc5+ Kb6 63. Kxh4 exf3 64. Kg3 Rb3
65. Rc8 Rxb4 66. Kxf3 Rd4 67. Ke3 Rd7 68. Ke2 b4 69. Rb8+ Kc5 70. Rc8+ Kb5 71.
Rb8+ Kc4 72. Rc8+ Kb3 73. Rb8 Kc3 74. Rc8+ Kb2 75. Rb8 b3 76. Ra8 Kc2 77. Rc8+
Kb1 78. Rb8 b2 79. Ke3 Ra7 0-1

[Event "Kingston Invitational Masters"]
[Site "Kingston University"]
[Date "2023.07.26"]
[Round "5.3"]
[White "Li, Vladimir"]
[Black "Murphy, Conor E"]
[Result "1/2-1/2"]
[WhiteElo "2294"]
[BlackElo "2452"]
[PlyCount "44"]
[EventDate "2023.07.24"]
[EventType "tourn"]
[EventRounds "9"]
[EventCountry "ENG"]
[SourceTitle "BritBase"]
[Source "John Saunders"]
[SourceDate "2023.07.31"]
[SourceVersion "1"]
[SourceVersionDate "2023.07.31"]
[SourceQuality "1"]

1. c4 e6 2. g3 d5 3. Bg2 Nf6 4. Nf3 dxc4 5. Qa4+ Bd7 6. Qxc4 c5 7. Ne5 Qc8 8.
O-O Nc6 9. Nxd7 Qxd7 10. Nc3 Rc8 11. d3 Be7 12. Qa4 O-O 13. Bd2 Rfd8 14. Rfd1
a6 15. Be1 Rc7 16. a3 Qc8 17. Qf4 Nd4 18. Rab1 Nd5 19. Qd2 Nf6 20. e3 Nc6 21.
Qc2 b5 22. Ne4 Nxe4 1/2-1/2

[Event "Kingston Invitational Masters"]
[Site "Kingston University"]
[Date "2023.07.26"]
[Round "5.4"]
[White "Ratnesan, Ranesh"]
[Black "Bezuidenhout, Roland"]
[Result "0-1"]
[WhiteElo "2216"]
[BlackElo "2217"]
[PlyCount "62"]
[EventDate "2023.07.24"]
[EventType "tourn"]
[EventRounds "9"]
[EventCountry "ENG"]
[SourceTitle "BritBase"]
[Source "John Saunders"]
[SourceDate "2023.07.31"]
[SourceVersion "1"]
[SourceVersionDate "2023.07.31"]
[SourceQuality "1"]

1. d4 Nf6 2. c4 c5 3. d5 b5 4. cxb5 a6 5. b6 e6 6. Nc3 Nxd5 7. Nxd5 exd5 8.
Qxd5 Nc6 9. e4 Be7 10. Bc4 O-O 11. Nf3 Rb8 12. O-O Rxb6 13. Qh5 d6 14. Rd1 Be6
15. Bd5 Qc8 16. Ng5 Bxg5 17. Qxg5 Nd4 18. b3 h6 19. Qd2 Bxd5 20. exd5 Re8 21.
Qd3 Re5 22. Be3 Rb4 23. Bd2 Ne2+ 24. Kf1 Rd4 25. Qf3 Rdxd5 26. Bc3 Nxc3 27.
Qxc3 Qg4 28. Re1 Rg5 29. Re8+ Kh7 30. Qc2+ Rg6 31. f3 Qf4 0-1

[Event "Kingston Invitational Masters"]
[Site "Kingston University"]
[Date "2023.07.26"]
[Round "5.5"]
[White "Lalic, Peter D"]
[Black "Baker, Chris W"]
[Result "1-0"]
[WhiteElo "2103"]
[BlackElo "2254"]
[PlyCount "27"]
[EventDate "2023.07.24"]
[EventType "tourn"]
[EventRounds "9"]
[EventCountry "ENG"]
[SourceTitle "BritBase"]
[Source "John Saunders"]
[SourceDate "2023.07.31"]
[SourceVersion "1"]
[SourceVersionDate "2023.07.31"]
[SourceQuality "1"]

1. e4 Nc6 2. d4 e5 3. d5 Nce7 4. Nc3 Ng6 5. h4 Bc5 6. h5 Nf8 7. Nf3 d6 8. Bg5
Qd7 9. Bb5 c6 10. dxc6 bxc6 11. Nxe5 dxe5 12. Bxc6 Ne6 13. Bxd7+ Bxd7 14. Be3
1-0

[Event "Kingston Invitational Masters"]
[Site "Kingston University"]
[Date "2023.07.27"]
[Round "6.1"]
[White "Muir, Andrew J"]
[Black "Baker, Chris W"]
[Result "1-0"]
[WhiteElo "2225"]
[BlackElo "2254"]
[PlyCount "71"]
[EventDate "2023.07.24"]
[EventType "tourn"]
[EventRounds "9"]
[EventCountry "ENG"]
[SourceTitle "BritBase"]
[Source "John Saunders"]
[SourceDate "2023.07.31"]
[SourceVersion "1"]
[SourceVersionDate "2023.07.31"]
[SourceQuality "1"]

1. d4 Nf6 2. c4 e6 3. Nc3 Bb4 4. e3 O-O 5. Bd3 d5 6. Nf3 c5 7. O-O dxc4 8. Bxc4
a6 9. Bd3 Nbd7 10. a3 Ba5 11. Qe2 b5 12. Rd1 Qe7 13. b4 cxb4 14. axb4 Bxb4 15.
Nxb5 Bb7 16. Nc7 Ra7 17. Nxa6 Nd5 18. Bb2 Bd6 19. Ne5 Bxe5 20. dxe5 Rfa8 21.
Bd4 Bxa6 22. Bxa7 Bxd3 23. Qxd3 Nxe5 24. Bc5 Qd8 25. Rxa8 Qxa8 26. Qa3 Qxa3 27.
Bxa3 f5 28. Rb1 Nc4 29. Bc5 Kf7 30. Rb7+ Kf6 31. Kf1 f4 32. exf4 Nxf4 33. Bf8
g5 34. Rxh7 Nd2+ 35. Ke1 Ne4 36. f3 1-0

[Event "Kingston Invitational Masters"]
[Site "Kingston University"]
[Date "2023.07.27"]
[Round "6.2"]
[White "Bezuidenhout, Roland"]
[Black "Lalic, Peter D"]
[Result "1-0"]
[WhiteElo "2217"]
[BlackElo "2103"]
[PlyCount "115"]
[EventDate "2023.07.24"]
[EventType "tourn"]
[EventRounds "9"]
[EventCountry "ENG"]
[SourceTitle "BritBase"]
[Source "John Saunders"]
[SourceDate "2023.07.31"]
[SourceVersion "1"]
[SourceVersionDate "2023.07.31"]
[SourceQuality "1"]

1. c4 d5 2. cxd5 c6 3. dxc6 Nxc6 4. Nc3 e5 5. d3 Nf6 6. Nf3 Bb4 7. Bd2 O-O 8.
g3 Nd4 9. Bg2 Nxf3+ 10. Bxf3 Bh3 11. Qb3 Qe7 12. a3 Bc5 13. Bg5 Qe6 14. Qxe6
fxe6 15. Bxf6 gxf6 16. Bxb7 Rab8 17. Ba6 Bd4 18. Nd1 Bg2 19. Rg1 Bd5 20. Rb1
Ba2 21. Rc1 Rb6 22. Bc4 Bxc4 23. Rxc4 Bxb2 24. Nxb2 Rxb2 25. f3 Ra2 26. Rg4+
Kf7 27. Ra4 Rb8 28. Rxa7+ Kg6 29. Kf2 Rb3 30. h4 Rxd3 31. h5+ Kf5 32. Rxh7 e4
33. fxe4+ Kxe4 34. Re1 Rf3+ 35. Kg2 Rfxa3 36. Re7 e5 37. Rb7 Ra7 38. Rxa7 Rxa7
39. Rh1 Kf5 40. Kf3 Kg5 41. Ke4 Rh7 42. Rf1 Rh6 43. e3 Kg4 44. Rf5 Kxg3 45. Kd5
Kg4 46. Ke6 Rh8 47. e4 Ra8 48. Kxf6 Ra4 49. Rxe5 Ra6+ 50. Re6 Ra1 51. Kg6 Ra5
52. h6 Rg5+ 53. Kf7 Rh5 54. Kg7 Kf4 55. h7 Rg5+ 56. Rg6 Rxg6+ 57. Kxg6 Kxe4 58.
h8=Q 1-0

[Event "Kingston Invitational Masters"]
[Site "Kingston University"]
[Date "2023.07.27"]
[Round "6.3"]
[White "Murphy, Conor E"]
[Black "Ratnesan, Ranesh"]
[Result "1-0"]
[WhiteElo "2452"]
[BlackElo "2216"]
[PlyCount "99"]
[EventDate "2023.07.24"]
[EventType "tourn"]
[EventRounds "9"]
[EventCountry "ENG"]
[SourceTitle "BritBase"]
[Source "John Saunders"]
[SourceDate "2023.07.31"]
[SourceVersion "1"]
[SourceVersionDate "2023.07.31"]
[SourceQuality "1"]

1. e4 c5 2. Nf3 d6 3. d4 cxd4 4. Nxd4 Nf6 5. Nc3 a6 6. h3 e5 7. Nb3 Be7 8. g4
h6 9. Be3 Qc7 10. Qd2 b5 11. O-O-O b4 12. Nd5 Nxd5 13. exd5 a5 14. Kb1 Nd7 15.
f4 O-O 16. Bb5 exf4 17. Bxf4 Bf6 18. g5 hxg5 19. Bxg5 Bxg5 20. Qxg5 Qd8 21. Qg3
Ne5 22. Nd4 Qf6 23. Rhg1 Rb8 24. Bd3 Re8 25. Rdf1 Qh6 26. Re1 Bd7 27. Bf5 g6
28. Bxd7 Nxd7 29. Nc6 Ra8 30. Qxd6 Rxe1+ 31. Rxe1 Qxh3 32. Qf4 Kg7 33. Qd4+ Nf6
34. d6 Qf3 35. Ne5 Qd5 36. Qxd5 Nxd5 37. Rd1 Nf6 38. d7 Rd8 39. c4 bxc3 40.
bxc3 Kf8 41. Kc1 g5 42. c4 Nxd7 43. Rxd7 Rxd7 44. Nxd7+ Ke7 45. Nc5 f5 46. Kd2
Kd6 47. Nb7+ Kc6 48. Nxa5+ Kc5 49. Kd3 g4 50. Nb3+ 1-0

[Event "Kingston Invitational Masters"]
[Site "Kingston University"]
[Date "2023.07.27"]
[Round "6.4"]
[White "Buckley, Graeme N"]
[Black "Li, Vladimir"]
[Result "1-0"]
[WhiteElo "2345"]
[BlackElo "2294"]
[PlyCount "63"]
[EventDate "2023.07.24"]
[EventType "tourn"]
[EventRounds "9"]
[EventCountry "ENG"]
[SourceTitle "BritBase"]
[Source "John Saunders"]
[SourceDate "2023.07.31"]
[SourceVersion "1"]
[SourceVersionDate "2023.07.31"]
[SourceQuality "1"]

1. d4 Nf6 2. Bg5 d5 3. Bxf6 gxf6 4. g3 c5 5. Bg2 Nc6 6. Nf3 cxd4 7. Nxd4 Qb6 8.
Nb3 e6 9. O-O Bg7 10. N1d2 O-O 11. c4 dxc4 12. Nxc4 Qb4 13. Qc2 Bd7 14. Rfd1
Rfd8 15. Nd6 Bf8 16. a3 Qb6 17. Nc5 Bc8 18. Na4 Qc7 19. Ne4 Qe7 20. Rxd8 Nxd8
21. Rd1 f5 22. Nd6 Nc6 23. Nc5 Rb8 24. b4 Qc7 25. Qd2 Be7 26. Qf4 f6 27. Nxc8
Rxc8 28. Qxc7 Rxc7 29. Nxe6 Rc8 30. Rd7 Kf7 31. Bd5 Rb8 32. Nd4+ 1-0

[Event "Kingston Invitational Masters"]
[Site "Kingston University"]
[Date "2023.07.27"]
[Round "6.5"]
[White "Large, Peter G"]
[Black "Maycock Bates, David Henry"]
[Result "1-0"]
[WhiteElo "2235"]
[BlackElo "2243"]
[PlyCount "79"]
[EventDate "2023.07.24"]
[EventType "tourn"]
[EventRounds "9"]
[EventCountry "ENG"]
[SourceTitle "BritBase"]
[Source "John Saunders"]
[SourceDate "2023.07.31"]
[SourceVersion "1"]
[SourceVersionDate "2023.07.31"]
[SourceQuality "1"]

1. e4 e5 2. Nf3 Nc6 3. Bb5 a6 4. Bxc6 dxc6 5. O-O Bg4 6. h3 Bh5 7. g4 Bg6 8.
Nxe5 Bd6 9. d4 Qh4 10. Qf3 Bxe5 11. dxe5 h5 12. Nc3 hxg4 13. Qxg4 Qxh3 14. Qxh3
Rxh3 15. Kg2 Rh5 16. f4 f5 17. exf6 Nxf6 18. f5 Bf7 19. e5 Bc4 20. Rf4 Bd5+ 21.
Kg3 Rg5+ 22. Kh4 Rh5+ 23. Kg3 Nd7 24. Nxd5 cxd5 25. e6 Nf6 26. Rh4 Ke7 27. Rxh5
Nxh5+ 28. Kf3 Rh8 29. Be3 Kf6 30. Kg4 Ke5 31. Kg5 d4 32. Bd2 Nf6 33. Bf4+ Kd5
34. Kg6 Rh4 35. Bxc7 Ne8 36. Bb8 Rh6+ 37. Kf7 g6 38. fxg6 Rh8 39. Re1 Kc6 40.
Be5 1-0

[Event "Kingston Invitational Masters"]
[Site "Kingston University"]
[Date "2023.07.27"]
[Round "7.1"]
[White "Maycock Bates, David Henry"]
[Black "Muir, Andrew J"]
[Result "1-0"]
[WhiteElo "2243"]
[BlackElo "2225"]
[PlyCount "57"]
[EventDate "2023.07.24"]
[EventType "tourn"]
[EventRounds "9"]
[EventCountry "ENG"]
[SourceTitle "BritBase"]
[Source "John Saunders"]
[SourceDate "2023.07.31"]
[SourceVersion "1"]
[SourceVersionDate "2023.07.31"]
[SourceQuality "1"]

1. e4 c5 2. Nf3 Nc6 3. d4 cxd4 4. Nxd4 Nf6 5. Nc3 d6 6. Bg5 e6 7. Qd2 a6 8.
O-O-O Bd7 9. f4 h6 10. Bxf6 Qxf6 11. Nb3 Qd8 12. Kb1 Qc7 13. Qf2 b5 14. h4 Qa7
15. Qe1 Qb6 16. Rh3 O-O-O 17. a4 b4 18. a5 Nxa5 19. Nxa5 Qxa5 20. Na2 d5 21.
Ra3 Qc5 22. Rxa6 Be7 23. Nc1 Qc7 24. exd5 Bd6 25. Qe4 Kb7 26. Rd4 Rb8 27. Nb3
Ra8 28. Rxb4+ Bxb4 29. Qxb4+ 1-0

[Event "Kingston Invitational Masters"]
[Site "Kingston University"]
[Date "2023.07.27"]
[Round "7.2"]
[White "Li, Vladimir"]
[Black "Large, Peter G"]
[Result "1/2-1/2"]
[WhiteElo "2294"]
[BlackElo "2235"]
[PlyCount "33"]
[EventDate "2023.07.24"]
[EventType "tourn"]
[EventRounds "9"]
[EventCountry "ENG"]
[SourceTitle "BritBase"]
[Source "John Saunders"]
[SourceDate "2023.07.31"]
[SourceVersion "1"]
[SourceVersionDate "2023.07.31"]
[SourceQuality "1"]

1. c4 e6 2. g3 Nf6 3. Bg2 d5 4. Nf3 dxc4 5. Qa4+ Nbd7 6. Qxc4 a6 7. Qc2 c5 8.
Nc3 Qc7 9. d4 b6 10. Bf4 Bd6 11. Bxd6 Qxd6 12. Ne4 Nxe4 13. Qxe4 Rb8 14. dxc5
bxc5 15. Qc2 Qb6 16. b3 O-O 17. O-O 1/2-1/2

[Event "Kingston Invitational Masters"]
[Site "Kingston University"]
[Date "2023.07.27"]
[Round "7.3"]
[White "Ratnesan, Ranesh"]
[Black "Buckley, Graeme N"]
[Result "0-1"]
[WhiteElo "2216"]
[BlackElo "2345"]
[PlyCount "178"]
[EventDate "2023.07.24"]
[EventType "tourn"]
[EventRounds "9"]
[EventCountry "ENG"]
[SourceTitle "BritBase"]
[Source "John Saunders"]
[SourceDate "2023.07.31"]
[SourceVersion "1"]
[SourceVersionDate "2023.07.31"]
[SourceQuality "1"]

1. d4 Nf6 2. c4 c5 3. d5 b5 4. cxb5 a6 5. bxa6 g6 6. Nc3 Bxa6 7. e4 Bxf1 8.
Kxf1 d6 9. Nf3 Nbd7 10. g3 Bg7 11. Kg2 O-O 12. a4 Qb6 13. Qe2 Rfb8 14. Nb5 Ne8
15. Bg5 h6 16. Be3 Nc7 17. Nxc7 Qxc7 18. Rhb1 Rb4 19. Bd2 Rbxa4 20. Rxa4 Rxa4
21. b4 Qb7 22. Qe1 Qa8 23. Bc3 Bxc3 24. Qxc3 Qb7 25. Qe3 Rxb4 26. Rd1 Nf6 27.
Nd2 Kg7 28. h3 Qa8 29. Qc3 Qa6 30. Re1 Rd4 31. Nf3 Qd3 32. Qxd3 Rxd3 33. Re2
Ra3 34. Nd2 Ra2 35. Kf1 Ra1+ 36. Kg2 Ra4 37. Re3 Rd4 38. Re2 c4 39. f3 Nd7 40.
Kf2 Nb6 41. Nf1 Rd3 42. Rc2 f5 43. exf5 gxf5 44. Ne3 Kf6 45. Nxc4 Nxc4 46. Rxc4
Rxd5 47. g4 Ra5 48. Rb4 h5 49. gxf5 Kxf5 50. h4 Ke6 51. Ke3 Re5+ 52. Kf4 Rf5+
53. Ke3 d5 54. Ra4 Kd6 55. Ra6+ Ke5 56. Ra5 e6 57. Ra4 Rf8 58. Rb4 Rc8 59. Rb6
Rc4 60. Ra6 Rxh4 61. Ra8 Rh2 62. Rh8 Kf5 63. Rf8+ Kg6 64. Kf4 Re2 65. Rd8 Kf6
66. Rh8 e5+ 67. Kg3 Kg6 68. Rg8+ Kf5 69. Rf8+ Ke6 70. Rd8 d4 71. f4 h4+ 72. Kf3
Re3+ 73. Kf2 Kf5 74. fxe5 Kxe5 75. Re8+ Kf4 76. Rf8+ Ke4 77. Re8+ Kd3 78. Rd8
h3 79. Rh8 Kd2 80. Ra8 Rc3 81. Ra2+ Rc2 82. Ra1 d3 83. Kf3 h2 84. Rh1 Kc3 85.
Ke3 Re2+ 86. Kf3 Kd4 87. Ra1 Re8 88. Kg2 d2 89. Rd1 Kd3 0-1

[Event "Kingston Invitational Masters"]
[Site "Kingston University"]
[Date "2023.07.27"]
[Round "7.4"]
[White "Lalic, Peter D"]
[Black "Murphy, Conor E"]
[Result "0-1"]
[WhiteElo "2103"]
[BlackElo "2452"]
[PlyCount "96"]
[EventDate "2023.07.24"]
[EventType "tourn"]
[EventRounds "9"]
[EventCountry "ENG"]
[SourceTitle "BritBase"]
[Source "John Saunders"]
[SourceDate "2023.07.31"]
[SourceVersion "1"]
[SourceVersionDate "2023.07.31"]
[SourceQuality "1"]

1. e4 e5 2. d4 exd4 3. c3 Qe7 4. cxd4 Qxe4+ 5. Be3 Bb4+ 6. Nc3 Nf6 7. Nf3 Nd5
8. Qd2 Qe7 9. Bd3 Nxe3 10. fxe3 d5 11. O-O Bxc3 12. bxc3 O-O 13. c4 c6 14. Qc2
Qxe3+ 15. Kh1 Qh6 16. cxd5 cxd5 17. Ne5 Nc6 18. Nxf7 Rxf7 19. Rxf7 Kxf7 20.
Rf1+ Kg8 21. Bxh7+ Qxh7 22. Rf8+ Kxf8 23. Qxh7 Be6 24. h4 Nxd4 25. h5 Bg8 26.
Qd3 Nc6 27. Qa3+ Ne7 28. h6 gxh6 29. Qd6 Ke8 30. Qxh6 Rd8 31. g4 d4 32. Qh5+
Kd7 33. Qb5+ Kc8 34. Qd3 Be6 35. g5 Bf5 36. Qc4+ Kb8 37. Qf7 Rd7 38. Qf8+ Kc7
39. Qf6 d3 40. Qe5+ Kc8 41. Qh8+ Rd8 42. Qc3+ Nc6 43. Qd2 Rd6 44. Qf4 Kc7 45.
Qxf5 d2 46. Qf7+ Kb8 47. Qf8+ Rd8 48. Qf4+ Ka8 0-1

[Event "Kingston Invitational Masters"]
[Site "Kingston University"]
[Date "2023.07.27"]
[Round "7.5"]
[White "Baker, Chris W"]
[Black "Bezuidenhout, Roland"]
[Result "1/2-1/2"]
[WhiteElo "2254"]
[BlackElo "2217"]
[PlyCount "59"]
[EventDate "2023.07.24"]
[EventType "tourn"]
[EventRounds "9"]
[EventCountry "ENG"]
[SourceTitle "BritBase"]
[Source "John Saunders"]
[SourceDate "2023.07.31"]
[SourceVersion "1"]
[SourceVersionDate "2023.07.31"]
[SourceQuality "1"]

1. e4 d6 2. d4 Nf6 3. Nc3 e5 4. Nf3 Nbd7 5. Bc4 Be7 6. a4 c6 7. O-O O-O 8. h3
h6 9. Re1 a5 10. Ba2 Qc7 11. Nh4 exd4 12. Qxd4 Nc5 13. Ng6 Rd8 14. Bf4 Ne6 15.
Bxe6 Bxe6 16. Nxe7+ Qxe7 17. Rad1 d5 18. Be5 Nxe4 19. Bxg7 Qg5 20. Be5 Bxh3 21.
g3 c5 22. Nxe4 dxe4 23. Qxe4 Rxd1 24. Rxd1 Re8 25. Re1 f6 26. Qc4+ Be6 27. Bf4
Bxc4 28. Rxe8+ Kf7 29. Bxg5 Kxe8 30. Bxf6 1/2-1/2

[Event "Kingston Invitational Masters"]
[Site "Kingston University"]
[Date "2023.07.28"]
[Round "8.1"]
[White "Muir, Andrew J"]
[Black "Bezuidenhout, Roland"]
[Result "1/2-1/2"]
[WhiteElo "2225"]
[BlackElo "2217"]
[PlyCount "57"]
[EventDate "2023.07.24"]
[EventType "tourn"]
[EventRounds "9"]
[EventCountry "ENG"]
[SourceTitle "BritBase"]
[Source "John Saunders"]
[SourceDate "2023.07.31"]
[SourceVersion "1"]
[SourceVersionDate "2023.07.31"]
[SourceQuality "1"]

1. d4 Nf6 2. c4 c5 3. d5 b5 4. cxb5 a6 5. bxa6 e6 6. Nc3 exd5 7. Nxd5 Be7 8.
Nf3 O-O 9. Bf4 Nxd5 10. Qxd5 Nc6 11. e4 Qb6 12. Bc4 Bxa6 13. b3 Nb4 14. Qd2
Bxc4 15. bxc4 Qe6 16. O-O Qxc4 17. Qxd7 Bf6 18. e5 Qxf4 19. exf6 Qxf6 20. Qb5
Rfc8 21. a4 Qa6 22. Ne5 Nc2 23. Qxa6 Rxa6 24. Ra2 Nb4 25. Ra3 c4 26. Rc3 Nd5
27. Rxc4 Rxc4 28. Nxc4 Rxa4 29. Ne5 1/2-1/2

[Event "Kingston Invitational Masters"]
[Site "Kingston University"]
[Date "2023.07.28"]
[Round "8.2"]
[White "Murphy, Conor E"]
[Black "Baker, Chris W"]
[Result "1-0"]
[WhiteElo "2452"]
[BlackElo "2254"]
[PlyCount "61"]
[EventDate "2023.07.24"]
[EventType "tourn"]
[EventRounds "9"]
[EventCountry "ENG"]
[SourceTitle "BritBase"]
[Source "John Saunders"]
[SourceDate "2023.07.31"]
[SourceVersion "1"]
[SourceVersionDate "2023.07.31"]
[SourceQuality "1"]

1. e4 e5 2. Nf3 Nc6 3. Bc4 Bc5 4. c3 Nf6 5. d3 a6 6. O-O d6 7. a4 O-O 8. h3 h6
9. Re1 Ba7 10. Nbd2 Ne7 11. Bb3 Ng6 12. d4 Re8 13. Bc2 Nh5 14. Nf1 Qf6 15. Be3
Nhf4 16. Ng3 Nh4 17. Nxh4 Qxh4 18. Qf3 g6 19. Nf1 h5 20. Nh2 Ne6 21. Bb3 Kg7
22. Rad1 Rf8 23. Qe2 Nf4 24. Qd2 Qf6 25. Kh1 Rh8 26. Bxf4 Qxf4 27. Qxf4 exf4
28. e5 dxe5 29. Rxe5 Rf8 30. Nf3 Kf6 31. Ng5 1-0

[Event "Kingston Invitational Masters"]
[Site "Kingston University"]
[Date "2023.07.28"]
[Round "8.3"]
[White "Buckley, Graeme N"]
[Black "Lalic, Peter D"]
[Result "1/2-1/2"]
[WhiteElo "2345"]
[BlackElo "2103"]
[PlyCount "150"]
[EventDate "2023.07.24"]
[EventType "tourn"]
[EventRounds "9"]
[EventCountry "ENG"]
[SourceTitle "BritBase"]
[Source "John Saunders"]
[SourceDate "2023.07.31"]
[SourceVersion "1"]
[SourceVersionDate "2023.07.31"]
[SourceQuality "1"]

1. Nf3 Nf6 2. c4 d5 3. cxd5 c6 4. dxc6 Nxc6 5. d4 e5 6. dxe5 Qxd1+ 7. Kxd1 Ng4
8. Ke1 g6 9. Bd2 Bg7 10. Bc3 O-O 11. Nbd2 Be6 12. e3 Ngxe5 13. Bb5 Nxf3+ 14.
Nxf3 Bxc3+ 15. bxc3 Rac8 16. Kd2 Bd5 17. Rhd1 Bxf3 18. gxf3 Ne5 19. Be2 b6 20.
f4 Nd7 21. Kc2 Nc5 22. Rd4 Rfd8 23. Rad1 Rxd4 24. Rxd4 Kf8 25. Bg4 f5 26. Bf3
Ke7 27. Bd5 Rf8 28. c4 Rc8 29. Kc3 Na4+ 30. Kb4 Nc5 31. Rd1 Na6+ 32. Kc3 Nc5
33. Kd4 Ne6+ 34. Kc3 Nc5 35. h4 h5 36. Rg1 Kf6 37. f3 Re8 38. Kd4 Ne6+ 39. Kd3
Nc5+ 40. Ke2 Ne6 41. Kf2 Nc5 42. Rd1 Rd8 43. Rd4 Rc8 44. Kg3 Ne6 45. Rd3 Nc5
46. Ra3 Rc7 47. e4 Re7 48. Re3 Ne6 49. Rd3 Nc5 50. Rd4 Rc7 51. Rd2 Re7 52. e5+
Kg7 53. Kf2 Rc7 54. Ke3 Nd7 55. Kd4 Nf8 56. Kc3 Rd7 57. Re2 Re7 58. Rd2 Rd7 59.
Rd3 Rd8 60. Kc2 Rd7 61. Re3 Re7 62. Ra3 Rc7 63. Kb3 Nd7 64. Kb4 Nc5 65. Kb5 Kf8
66. Re3 Ke7 67. Kb4 Na6+ 68. Kc3 Nc5 69. Re1 Nd7 70. Ra1 Rc5 71. Kb4 Ra5 72. a4
Nc5 73. Ra3 Na6+ 74. Kc3 Nc5 75. Kb4 Na6+ 1/2-1/2

[Event "Kingston Invitational Masters"]
[Site "Kingston University"]
[Date "2023.07.28"]
[Round "8.4"]
[White "Large, Peter G"]
[Black "Ratnesan, Ranesh"]
[Result "1-0"]
[WhiteElo "2235"]
[BlackElo "2216"]
[PlyCount "79"]
[EventDate "2023.07.24"]
[EventType "tourn"]
[EventRounds "9"]
[EventCountry "ENG"]
[SourceTitle "BritBase"]
[Source "John Saunders"]
[SourceDate "2023.07.31"]
[SourceVersion "1"]
[SourceVersionDate "2023.07.31"]
[SourceQuality "1"]

1. Nf3 d5 2. b3 Bg4 3. e3 Nd7 4. Bb2 Ngf6 5. h3 Bh5 6. d3 c6 7. Nbd2 Qc7 8. c4
e6 9. Be2 Bd6 10. Rc1 O-O 11. cxd5 exd5 12. Nd4 Bg6 13. Nb5 Qb8 14. Nxd6 Qxd6
15. Nf3 h6 16. O-O Ne8 17. Qd2 f5 18. Nh4 Bh7 19. f4 Qe7 20. Nf3 Nc7 21. Ne5
Ne6 22. Nxd7 Qxd7 23. Be5 d4 24. Rf3 Bg6 25. Rg3 Kh7 26. e4 Qe7 27. Bf3 Qf7 28.
Rxg6 Qxg6 29. exf5 Qf7 30. fxe6 Qxe6 31. Be4+ Kg8 32. Qf2 Rad8 33. Rc4 a6 34.
Qg3 Qf7 35. Rxd4 Rxd4 36. Bxd4 Rd8 37. Be5 Rd7 38. Qg4 Rd8 39. Kh2 a5 40. d4
1-0

[Event "Kingston Invitational Masters"]
[Site "Kingston University"]
[Date "2023.07.28"]
[Round "8.5"]
[White "Maycock Bates, David Henry"]
[Black "Li, Vladimir"]
[Result "0-1"]
[WhiteElo "2243"]
[BlackElo "2294"]
[PlyCount "62"]
[EventDate "2023.07.24"]
[EventType "tourn"]
[EventRounds "9"]
[EventCountry "ENG"]
[SourceTitle "BritBase"]
[Source "John Saunders"]
[SourceDate "2023.07.31"]
[SourceVersion "1"]
[SourceVersionDate "2023.07.31"]
[SourceQuality "1"]

1. e4 e5 2. Nf3 Nc6 3. Bb5 a6 4. Ba4 Nf6 5. O-O Nxe4 6. d4 b5 7. Bb3 d5 8. dxe5
Be6 9. Qe2 Be7 10. c4 bxc4 11. Ba4 Bd7 12. b3 Nc5 13. e6 Nxe6 14. bxc4 O-O 15.
Bb2 Bf6 16. Nc3 Ncd4 17. Nxd4 Nxd4 18. Qd1 Rb8 19. Ba3 Bxa4 20. Qxa4 Re8 21.
Rae1 Rxe1 22. Rxe1 Nf3+ 23. gxf3 Bxc3 24. Rd1 Qg5+ 25. Kf1 Qf5 26. cxd5 Qxf3
27. Bc5 h6 28. Kg1 Be5 29. Re1 Qh3 30. Qe4 Bxh2+ 31. Kh1 Bd6+ 0-1

[Event "Kingston Invitational Masters"]
[Site "Kingston University"]
[Date "2023.07.28"]
[Round "9.1"]
[White "Li, Vladimir"]
[Black "Muir, Andrew J"]
[Result "1/2-1/2"]
[WhiteElo "2294"]
[BlackElo "2225"]
[PlyCount "26"]
[EventDate "2023.07.24"]
[EventType "tourn"]
[EventRounds "9"]
[EventCountry "ENG"]
[SourceTitle "BritBase"]
[Source "John Saunders"]
[SourceDate "2023.07.31"]
[SourceVersion "1"]
[SourceVersionDate "2023.07.31"]
[SourceQuality "1"]

1. e4 c5 2. c3 d5 3. exd5 Qxd5 4. d4 Nf6 5. Nf3 Nc6 6. Be3 e5 7. dxe5 Qxd1+ 8.
Kxd1 Ng4 9. Bb5 Bd7 10. a4 O-O-O 11. Nbd2 Ncxe5 12. Nxe5 Nxe5 13. Bxd7+ Rxd7
1/2-1/2

[Event "Kingston Invitational Masters"]
[Site "Kingston University"]
[Date "2023.07.28"]
[Round "9.2"]
[White "Ratnesan, Ranesh"]
[Black "Maycock Bates, David Henry"]
[Result "1/2-1/2"]
[WhiteElo "2216"]
[BlackElo "2243"]
[PlyCount "74"]
[EventDate "2023.07.24"]
[EventType "tourn"]
[EventRounds "9"]
[EventCountry "ENG"]
[SourceTitle "BritBase"]
[Source "John Saunders"]
[SourceDate "2023.07.31"]
[SourceVersion "1"]
[SourceVersionDate "2023.07.31"]
[SourceQuality "1"]

1. d4 Nf6 2. c4 e6 3. Nc3 Bb4 4. a3 Bxc3+ 5. bxc3 d5 6. e3 O-O 7. cxd5 exd5 8.
Bd3 c5 9. f3 b6 10. Ne2 Ba6 11. O-O Bxd3 12. Qxd3 Nc6 13. Ng3 Re8 14. Bb2 h5
15. Rae1 g6 16. e4 h4 17. Nh1 Nh5 18. e5 cxd4 19. cxd4 Qg5 20. f4 Qf5 21. Qf3
Ne7 22. g4 hxg3 23. hxg3 Qe6 24. Nf2 Rac8 25. Re2 Rc6 26. g4 Ng7 27. Nh3 Qc8
28. Qg2 Rc4 29. Rd2 Rf8 30. Ng5 Ne6 31. Qh3 Nxg5 32. fxg5 Rc2 33. Rff2 Rxd2 34.
Rxd2 Rd8 35. a4 Kg7 36. Qh6+ Kg8 37. Qh3 Kg7 1/2-1/2